<?xml version="1.0" encoding="UTF-8"?>
<record
    xmlns:xsi="http://www.w3.org/2001/XMLSchema-instance"
    xsi:schemaLocation="http://www.loc.gov/MARC21/slim http://www.loc.gov/standards/marcxml/schema/MARC21slim.xsd"
    xmlns="http://www.loc.gov/MARC21/slim">

  <leader>01321naa a2200253 i 4500</leader>
  <controlfield tag="001">BPP</controlfield>
  <controlfield tag="003">BPK</controlfield>
  <controlfield tag="005">20191005094030.0</controlfield>
  <controlfield tag="008">151204s1999    pl     f     |100 0 eng</controlfield>
  <datafield tag="040" ind1=" " ind2=" ">
    <subfield code="c">BPK</subfield>
  </datafield>
  <datafield tag="041" ind1=" " ind2=" ">
    <subfield code="a">eng</subfield>
  </datafield>
  <datafield tag="044" ind1=" " ind2=" ">
    <subfield code="a">POL</subfield>
  </datafield>
  <datafield tag="100" ind1=" " ind2=" ">
    <subfield code="a">Maslennikow, Oleg</subfield>
    <subfield code="d">1996 - 2010.</subfield>
    <subfield code="b">Politechnika Koszali&#x144;ska - Wydzia&#x142; Elektroniki,</subfield>
    <subfield code="c">Katedra In&#x17C;ynierii Komputerowej</subfield>
  </datafield>
  <datafield tag="245" ind1=" " ind2=" ">
    <subfield code="a">Approaches to Designing digital circuits with the current-mode gates /</subfield>
    <subfield code="c">O. Maslennikow, N. Maslennikowa, A. Guzi&#x144;ski, J. Kaniewski.</subfield>
  </datafield>
  <datafield tag="260" ind1=" " ind2=" ">
    <subfield code="c">1999.</subfield>
  </datafield>
  <datafield tag="500" ind1=" " ind2=" ">
    <subfield code="a">Dane z Informatora o publikowanych wynikach prac naukowo-badawczych w 2002 roku Wydzia&#x142;u Elektroniki.</subfield>
  </datafield>
  <datafield tag="655" ind1=" " ind2="0">
    <subfield code="a">Materia&#x142;y konferencyjne.</subfield>
  </datafield>
  <datafield tag="700" ind1=" " ind2=" ">
    <subfield code="a">GUZI&#x143;SKI, Andrzej.</subfield>
    <subfield code="d">1996 - 2001.</subfield>
    <subfield code="b">Politechnika Koszali&#x144;ska - Wydzia&#x142; Elektroniki,</subfield>
    <subfield code="c">Katedra Teorii Obwod&#xF3;w i Uk&#x142;ad&#xF3;w Elektronicznych</subfield>
  </datafield>
  <datafield tag="700" ind1=" " ind2=" ">
    <subfield code="a">KANYEVSKYY, Yuriy.</subfield>
    <subfield code="d">1996 - 2001.</subfield>
    <subfield code="b">Politechnika Koszali&#x144;ska - Wydzia&#x142; Elektroniki,</subfield>
    <subfield code="c">Katedra In&#x17C;ynierii Komputerowej</subfield>
  </datafield>
  <datafield tag="711" ind1=" " ind2=" ">
    <subfield code="a">MIXDES'99</subfield>
    <subfield code="n">(6 ;</subfield>
    <subfield code="d">1999 ;</subfield>
    <subfield code="c">Krak&#xF3;w, Polska).</subfield>
    <subfield code="p">MIXDES'99</subfield>
  </datafield>
  <datafield tag="773" ind1=" " ind2=" ">
    <subfield code="i">W :</subfield>
    <subfield code="t">Proc. of the 6-th Int. Conf. on Mixed Design. -</subfield>
    <subfield code="g">1999, s. 89-94</subfield>
  </datafield>
  <datafield tag="700" ind1=" " ind2=" ">
    <subfield code="a">Maslennikowa, Natalia</subfield>
    <subfield code="d">1999 - .</subfield>
    <subfield code="b">Politechnika Koszali&#x144;ska - Wydzia&#x142; Elektroniki,</subfield>
    <subfield code="c">Katedra In&#x17C;ynierii Komputerowej</subfield>
  </datafield>
  <datafield tag="942" ind1=" " ind2=" ">
    <subfield code="c">ART</subfield>
    <subfield code="2">UKD</subfield>
  </datafield>
  <datafield tag="999" ind1=" " ind2=" ">
    <subfield code="c">84</subfield>
    <subfield code="d">84</subfield>
  </datafield>
</record>
